Statistics for All Countries Mentioned in Overwatch

Click here to take the quiz!

General Stats

  • This quiz has been taken 88 times
    (87 since last reset)
  • The average score is 18 of 26

Answer Stats

Country% Correct
United States
100%
United Kingdom
92%
France
88%
Germany
88%
Brazil
86%
China
86%
Egypt
86%
Russia
86%
Japan
85%
Mexico
82%
South Korea
82%
India
78%
Sweden
77%
Australia
75%
Ireland
75%
Italy
69%
Switzerland
69%
Greece
62%
Netherlands
57%
Cuba
54%
Nigeria
54%
Iraq
45%
Thailand
45%
Nepal
43%
Haiti
37%
Jordan
26%

Score Distribution

Percentile by Number Answered

Percent of People with Each Score

Your Score History

You have not taken this quiz since the last reset